Photoshop CS2 : (Record no. 23906)

MARC details
000 -LEADER
fixed length control field 00874nam a22002297a 4500
005 - DATE AND TIME OF LATEST TRANSACTION
control field 2009021705335.0
008 - FIXED-LENGTH DATA ELEMENTS--GENERAL INFORMATION
fixed length control field 090217t xxu||||| |||| 00| 0 eng d
020 ## - INTERNATIONAL STANDARD BOOK NUMBER
International Standard Book Number 8177226606
Terms of availability 129.00
020 ## - INTERNATIONAL STANDARD BOOK NUMBER
International Standard Book Number 9788177226607
Terms of availability 129.00
037 ## - SOURCE OF ACQUISITION
Source of stock number/acquisition UBH
040 ## - CATALOGING SOURCE
Original cataloging agency dpl
Language of cataloging English
082 ## - DEWEY DECIMAL CLASSIFICATION NUMBER
Classification number 006.686
100 ## - MAIN ENTRY--PERSONAL NAME
Personal name Gupta,Shalini
245 ## - TITLE STATEMENT
Title Photoshop CS2 :
Remainder of title in simple steps /
Statement of responsibility, etc by Shalini Gupta [and] Adity Gupta
260 ## - PUBLICATION, DISTRIBUTION, ETC. (IMPRINT)
Place of publication, distribution, etc New Delhi
Name of publisher, distributor, etc Dreamtech Press
Date of publication, distribution, etc 2008
270 ## - ADDRESS
Address 19-A, Ansari Road, Darya Ganj
City New Delhi
Postal code 110002
Telephone number 23284212,23243075
Fax number 91-11-23243078
Electronic mail address bt@dreamtechpress.com
300 ## - PHYSICAL DESCRIPTION
Extent vii,231p.:
Other physical details ill.
Dimensions 24cm.(pbk)
700 ## - ADDED ENTRY--PERSONAL NAME
Personal name Gupta, Adity
942 ## - ADDED ENTRY ELEMENTS (KOHA)
Source of classification or shelving scheme Dewey Decimal Classification
Item type English Books
Classification part 006.686
Call number suffix GUP
Holdings
Withdrawn status Lost status Source of classification or shelving scheme Damaged status Not for loan Home library Current library Date acquired Cost, normal purchase price Total Checkouts Full call number Date last seen Cost, replacement price Koha item type
    Dewey Decimal Classification   Ordered Andrews Gunj Andrews Gunj 17/02/2009 129.00   006.686 GUP 17/02/2009 129.00 English Books

© Delhi Public Library
Hit Counter
free hit counter